[Event "282nd YMCA Winter A"]
[Site "Warsaw"]
[Date "2024.01.24"]
[Round "1"]
[White "Mazurek, Jerzy"]
[Black "Huseynzade, Jeyhun"]
[Result "0-1"]
[WhiteElo "1712"]
[BlackElo "1991"]
[PlyCount "90"]
[EventDate "2024.01.12"]
[EventType "tourn"]
[EventRounds "1"]
[EventCountry "POL"]
[SourceDate "2024.01.19"]

1. e4 c5 2. Nf3 d6 3. d4 cxd4 4. Nxd4 Nf6 5. Nc3 a6 6. f3 e5 7. Nb3 b5 8. Be3
Bb7 9. Qd2 Nbd7 10. Be2 Be7 11. O-O-O Rc8 12. Kb1 Nb6 13. Na5 Ba8 14. Bxb6 Qxb6
15. Nd5 Nxd5 16. exd5 O-O 17. c4 Bd8 18. Nc6 Bxc6 19. dxc6 Rxc6 20. cxb5 axb5
21. Qd5 Bg5 22. f4 Bxf4 23. g3 Be3 24. Bf3 Rfc8 25. Rhf1 Qc7 26. a3 Rc2 27. Bg4
Qc4 28. Bxc8 Rc1+ 29. Rxc1 Qxd5 30. Rc2 g6 31. Bg4 f5 32. Rd1 Bd4 33. Bh3 Qb3
34. Bg2 Kg7 35. Bf1 Bxb2 36. Rd3 Bc3+ 37. Kc1 Qxa3+ 38. Kd1 Qa1+ 39. Rc1 Qa4+
40. Ke2 Qa2+ 41. Kd1 b4 42. Rxd6 Qxh2 43. Rd3 Qf2 44. Be2 Qg1+ 45. Kc2 b3+ 0-1

[Event "282nd YMCA Winter A"]
[Site "Warsaw"]
[Date "2024.01.12"]
[Round "1"]
[White "Choroszej, Aleksander"]
[Black "Kowalski, Witold"]
[Result "1-0"]
[WhiteElo "1899"]
[BlackElo "1667"]
[PlyCount "91"]
[EventDate "2024.01.12"]
[EventType "tourn"]
[EventRounds "1"]
[EventCountry "POL"]
[SourceDate "2024.01.19"]

1. d4 Nf6 2. c4 e6 3. Nc3 Bb4 4. f3 d5 5. a3 Bxc3+ 6. bxc3 c6 7. cxd5 cxd5 8.
e3 O-O 9. Bd3 b6 10. Ne2 Ba6 11. Bxa6 Nxa6 12. O-O Qc8 13. Qd3 Nb8 14. e4 Qa6
15. Qe3 Nc6 16. e5 Nd7 17. f4 Rae8 18. f5 exf5 19. Ng3 g6 20. Qf3 Qc4 21. Bh6
Rc8 22. Nxf5 Rcd8 23. Nd6 Nxd4 24. cxd4 Qxd4+ 25. Qf2 Qxf2+ 26. Rxf2 Nxe5 27.
Bxf8 Kxf8 28. Nb5 Rd7 29. Nd4 Ke7 30. Re1 f6 31. Nc6+ Ke6 32. Rfe2 Kd6 33. Nxe5
fxe5 34. Rxe5 Rf7 35. Re6+ Kd7 36. R6e3 Kd6 37. Rf1 Rd7 38. Kf2 d4 39. Rf3 Re7
40. Rf8 Re3 41. a4 Re4 42. Rf7 a5 43. Rf6+ Kc5 44. Rc1+ Kb4 45. Rxb6+ Kxa4 46.
Ra1# 1-0

[Event "282nd YMCA Winter A"]
[Site "Warsaw"]
[Date "2024.01.24"]
[Round "1"]
[White "Szukalski, Antoni"]
[Black "Krupa, Bartlomiej"]
[Result "1-0"]
[WhiteElo "1655"]
[BlackElo "1779"]
[PlyCount "55"]
[EventDate "2024.01.12"]
[EventType "tourn"]
[EventRounds "1"]
[EventCountry "POL"]
[SourceDate "2024.01.19"]

1. d4 Nf6 2. c4 g6 3. Nc3 Bg7 4. Nf3 O-O 5. e4 d6 6. h3 e5 7. dxe5 dxe5 8. Bg5
Nbd7 9. Be2 c6 10. O-O Qb6 11. Qc2 Nh5 12. Be3 Qc7 13. c5 Nf4 14. Bc4 Nf6 15.
Ne2 N6h5 16. Ng3 Qe7 17. Nxh5 Nxh5 18. Bg5 Qc7 19. Rad1 Nf4 20. Bxf4 exf4 21.
Rd6 Qe7 22. Rfd1 g5 23. b4 h5 24. Rg6 Kh7 25. Rxg5 Kh6 26. e5 Qe8 27. Rd6+ f6
28. Bd3 1-0

[Event "282nd YMCA Winter A"]
[Site "Warsaw"]
[Date "2024.01.12"]
[Round "1"]
[White "Lewandrowski, Tomasz"]
[Black "Pettersson, Alexander"]
[Result "1-0"]
[WhiteElo "1822"]
[BlackElo "1799"]
[PlyCount "81"]
[EventDate "2024.01.12"]
[EventType "tourn"]
[EventRounds "1"]
[EventCountry "POL"]
[SourceDate "2024.01.19"]

1. d4 d5 2. Nc3 Nf6 3. Bf4 Bf5 4. e3 e6 5. Nf3 Bd6 6. Ne5 Nbd7 7. Bd3 Bxd3 8.
cxd3 O-O 9. O-O a6 10. a4 Qe7 11. a5 c5 12. Nxd7 Nxd7 13. Bxd6 Qxd6 14. dxc5
Nxc5 15. d4 Nd7 16. Qb3 Rfc8 17. f4 f5 18. Na4 Rc7 19. Rfc1 Rac8 20. Rc3 Rxc3
21. bxc3 Rc7 22. Rb1 Kf7 23. Kf2 Nf6 24. Nc5 Ng4+ 25. Ke2 Rxc5 26. dxc5 Qxc5
27. Qxb7+ Kg6 28. Qb6 Qc4+ 29. Kf3 Qe4+ 30. Kg3 Nxe3 31. Rg1 Ng4 32. Qd4 Qe2
33. h3 Nf6 34. Kh2 Qa2 35. Qb6 Qc4 36. Qd4 Qc7 37. Re1 Ne4 38. Qe5 Qxa5 39.
Rxe4 fxe4 40. Qxe6+ Kh5 41. Qf5+ 1-0

[Event "282nd YMCA Winter A"]
[Site "Warsaw"]
[Date "2024.01.12"]
[Round "1"]
[White "Sternik, Piotr"]
[Black "Pietrzak, Wojciech"]
[Result "0-1"]
[WhiteElo "1829"]
[BlackElo "1754"]
[PlyCount "72"]
[EventDate "2024.01.12"]
[EventType "tourn"]
[EventRounds "1"]
[EventCountry "POL"]
[SourceDate "2024.01.19"]

1. d4 d5 2. c4 dxc4 3. Nc3 a6 4. a4 e5 5. d5 Bb4 6. e4 Qh4 7. Qc2 Nf6 8. Bd2
Bxc3 9. Bxc3 Nbd7 10. Nf3 Qxe4+ 11. Qxe4 Nxe4 12. Bxe5 O-O 13. Bd4 Nd6 14. Be2
Re8 15. Kf1 Re4 16. Bc3 Nb6 17. Nd2 Re8 18. Bf3 Bf5 19. g4 Bd3+ 20. Kg2 Ne4 21.
Nxe4 Bxe4 22. Rhd1 Rad8 23. Bxe4 Rxe4 24. Kf3 Ree8 25. d6 Rxd6 26. Rxd6 cxd6
27. Ba5 Nd7 28. Rd1 Ne5+ 29. Kg3 Nd3 30. b3 b5 31. bxc4 bxc4 32. Rb1 h6 33. Rb6
Nc5 34. f3 Rc8 35. Rxd6 Nb7 36. Rd5 Nxa5 0-1

[Event "282nd YMCA Winter A"]
[Site "Warsaw"]
[Date "2024.01.12"]
[Round "1"]
[White "Koziol, Pawel"]
[Black "Sypula, Krzysztof"]
[Result "1-0"]
[WhiteElo "1647"]
[BlackElo "1662"]
[PlyCount "111"]
[EventDate "2024.01.12"]
[EventType "tourn"]
[EventRounds "1"]
[EventCountry "POL"]
[SourceDate "2024.01.19"]

1. Nf3 Nf6 2. d4 g6 3. c4 Bg7 4. Nc3 d5 5. Qb3 dxc4 6. Qxc4 O-O 7. e4 c6 8. Be2
Bg4 9. Be3 Qa5 10. O-O Nbd7 11. b4 Qc7 12. Rac1 Nb6 13. Qb3 Bxf3 14. Bxf3 Qd7
15. h3 Rad8 16. Rfd1 e6 17. a4 Nc8 18. Bg5 Ne7 19. e5 Nfd5 20. Ne4 h6 21. Nc5
Qc7 22. Bd2 Nf5 23. Qb2 b6 24. Nb3 Qd7 25. Be4 Rc8 26. g3 Rfd8 27. h4 Qe8 28.
h5 g5 29. Kg2 Bf8 30. Rc4 Ng7 31. Rh1 Be7 32. Bb1 f5 33. exf6 Bxf6 34. Qc2 Ne7
35. Qh7+ Kf8 36. Qxh6 Ng8 37. Qh7 Qd7 38. Qe4 Nf5 39. Re1 Qd5 40. Bd3 Kf7 41.
Rec1 Nge7 42. Qxd5 exd5 43. R4c2 Kg7 44. Bxf5 Nxf5 45. Rxc6 Rxc6 46. Rxc6 Rd7
47. g4 Ne7 48. Rc1 Ng8 49. f3 Re7 50. Kf2 Rd7 51. Be3 a6 52. Rc6 Rb7 53. f4
gxf4 54. Bxf4 Rf7 55. Ke3 Bd8 56. Be5+ 1-0

[Event "282nd YMCA Winter A"]
[Site "Warsaw"]
[Date "2024.01.19"]
[Round "2"]
[White "Huseynzade, Jeyhun"]
[Black "Sypula, Krzysztof"]
[Result "1-0"]
[WhiteElo "1991"]
[BlackElo "1662"]
[PlyCount "43"]
[EventDate "2024.01.12"]
[EventType "tourn"]
[EventRounds "1"]
[EventCountry "POL"]
[SourceDate "2024.01.19"]

1. e4 b6 2. d4 Bb7 3. Bd3 e6 4. Nf3 c5 5. c3 d5 6. Nbd2 Ne7 7. O-O dxe4 8. Nxe4
cxd4 9. Nxd4 a6 10. Bg5 Nbc6 11. Nxc6 Bxc6 12. Bb5 Qxd1 13. Rfxd1 axb5 14. Nd6+
Kd7 15. Nxf7+ Ke8 16. Nxh8 Nd5 17. Re1 Be7 18. Rxe6 Kd7 19. Rxe7+ Nxe7 20. Nf7
Ng6 21. Rd1+ Ke6 22. Nd8+ 1-0

[Event "282nd YMCA Winter A"]
[Site "Warsaw"]
[Date "2024.01.19"]
[Round "2"]
[White "Pietrzak, Wojciech"]
[Black "Koziol, Pawel"]
[Result "1-0"]
[WhiteElo "1754"]
[BlackElo "1647"]
[PlyCount "65"]
[EventDate "2024.01.12"]
[EventType "tourn"]
[EventRounds "1"]
[EventCountry "POL"]
[SourceDate "2024.01.19"]

1. e4 c5 2. Nf3 e6 3. d4 cxd4 4. Nxd4 Nc6 5. Nc3 Qc7 6. Be3 a6 7. Be2 Nf6 8.
O-O Bb4 9. Na4 Be7 10. Nxc6 bxc6 11. Nb6 Rb8 12. Nxc8 Qxc8 13. e5 Nd5 14. Bc1
Bc5 15. Qd3 a5 16. Qg3 Kf8 17. c4 Ne7 18. Rd1 Nf5 19. Qc3 Qc7 20. g4 Nh4 21.
Bf4 Qa7 22. Bg3 Be7 23. b3 h5 24. Qd4 Qxd4 25. Rxd4 Rb7 26. Rad1 Ke8 27. gxh5
Nf5 28. R4d3 Bc5 29. Bf3 Ke7 30. Bf4 Ra8 31. Be4 Nh6 32. Bg5+ Ke8 33. Bxc6 1-0

[Event "282nd YMCA Winter A"]
[Site "Warsaw"]
[Date "2024.01.16"]
[Round "2"]
[White "Pettersson, Alexander"]
[Black "Sternik, Piotr"]
[Result "0-1"]
[WhiteElo "1799"]
[BlackElo "1829"]
[PlyCount "82"]
[EventDate "2024.01.12"]
[EventType "tourn"]
[EventRounds "1"]
[EventCountry "POL"]
[SourceDate "2024.01.19"]

1. d4 c5 2. d5 Nf6 3. c4 e6 4. Nc3 exd5 5. cxd5 d6 6. e4 Be7 7. Be2 O-O 8. Nf3
a6 9. a4 Bg4 10. Nd2 Bxe2 11. Qxe2 Nbd7 12. O-O Re8 13. Nc4 Nb6 14. Ne3 Bf8 15.
f3 g6 16. a5 Nbd7 17. Nc4 b5 18. axb6 Nxb6 19. Bg5 Bg7 20. Na5 Qc8 21. Qd2 Nfd7
22. Na4 Qc7 23. Rfc1 Nxa4 24. Rxa4 Nb6 25. Ra2 Qd7 26. Nc6 Nc8 27. Qf4 f6 28.
Bh6 g5 29. Bxg5 fxg5 30. Qxg5 Ne7 31. Na5 Kh8 32. Nc4 Nc8 33. Qf4 Rf8 34. Qg3
Rf6 35. Rca1 Rg6 36. Qh4 Bf6 37. Qh5 Qb5 38. Rc1 Bd4+ 39. Kh1 Nb6 40. Ra5 Qb4
41. Nxb6 Qxb2 0-1

[Event "282nd YMCA Winter A"]
[Site "Warsaw"]
[Date "2024.02.06"]
[Round "2"]
[White "Krupa, Bartlomiej"]
[Black "Lewandrowski, Tomasz"]
[Result "0-1"]
[WhiteElo "1779"]
[BlackElo "1822"]
[PlyCount "110"]
[EventDate "2024.01.12"]
[EventType "tourn"]
[EventRounds "1"]
[EventCountry "POL"]
[SourceDate "2024.01.19"]

1. e4 c5 2. Nf3 Nc6 3. d4 cxd4 4. Nxd4 e5 5. Nb5 d6 6. c4 a6 7. N5c3 g6 8. Bd3
Bg7 9. O-O Nge7 10. Be3 O-O 11. Na3 Nd4 12. Nc2 Nec6 13. Nd5 Be6 14. Qd2 Rc8
15. Rac1 Bxd5 16. cxd5 Nxc2 17. Rxc2 Nd4 18. Rxc8 Qxc8 19. Bxd4 exd4 20. Rc1
Qd7 21. b3 $11 Rc8 22. Rxc8+ Qxc8 23. Qc2 Qd7 24. h3 h5 25. a4 Qe7 26. b4 Be5
27. Qc1 h4 28. b5 axb5 29. axb5 Qd8 30. Qd1 Kg7 31. Qf3 Qa5 32. Bf1 Qd2 33. Bd3
Qc1+ 34. Bf1 Bh2+ 35. Kxh2 Qxf1 36. e5 dxe5 37. Qe4 f6 38. b6 Qb5 39. f4 Qxb6
40. fxe5 fxe5 41. Qxe5+ Qf6 42. Qc7+ Kh6 43. Qc1+ g5 44. Qc4 Qe5+ 45. Kg1 Qe3+
46. Kf1 d3 47. Qc3 Qf4+ 48. Kg1 d2 49. Qh8+ Kg6 50. Qg8+ Kf6 51. Qe6+ Kg7 52.
Qe7+ Kg6 53. Qe6+ Qf6 54. Qe4+ Kh6 55. Qd3 Qa1+ 0-1

[Event "282nd YMCA Winter A"]
[Site "Warsaw"]
[Date "2024.01.18"]
[Round "2"]
[White "Kowalski, Witold"]
[Black "Szukalski, Antoni"]
[Result "1-0"]
[WhiteElo "1667"]
[BlackElo "1655"]
[PlyCount "47"]
[EventDate "2024.01.12"]
[EventType "tourn"]
[EventRounds "1"]
[EventCountry "POL"]
[SourceDate "2024.01.19"]

1. e4 c5 2. Nf3 d6 3. d4 cxd4 4. Nxd4 Nf6 5. Nc3 a6 6. Bg5 e6 7. f4 Be7 8. Qf3
Qc7 9. O-O-O Nc6 10. Nxc6 bxc6 11. e5 Nd5 12. Bxe7 Qxe7 13. Ne4 dxe5 14. fxe5
O-O 15. c4 Nb6 16. Bd3 Nd7 17. Qg3 f5 18. exf6 Nxf6 19. Rhf1 Bb7 20. Nxf6+ Rxf6
21. Rxf6 Qxf6 22. Qc7 Bc8 23. Qxc6 Rb8 24. Qe8+ 1-0

[Event "282nd YMCA Winter A"]
[Site "Warsaw"]
[Date "2024.01.19"]
[Round "2"]
[White "Mazurek, Jerzy"]
[Black "Choroszej, Aleksander"]
[Result "0-1"]
[WhiteElo "1712"]
[BlackElo "1899"]
[PlyCount "86"]
[EventDate "2024.01.12"]
[EventType "tourn"]
[EventRounds "1"]
[EventCountry "POL"]
[SourceDate "2024.01.19"]

1. d4 g6 2. e4 Bg7 3. Nc3 d6 4. Be3 a6 5. a4 b6 6. h3 Bb7 7. g4 Nf6 8. Bg2 O-O
9. Nge2 Nc6 10. O-O e5 11. d5 Ne7 12. Qd2 Kh8 13. Ng3 Neg8 14. Rad1 Nd7 15. b3
h6 16. Nce2 Kh7 17. f4 exf4 18. Nxf4 Ne5 19. Nd3 Qe7 20. Nxe5 Bxe5 21. Ne2 Rae8
22. Nf4 Bg7 23. Rde1 Nf6 24. Bd4 Nd7 25. Bxg7 Kxg7 26. Qc3+ Ne5 27. Nd3 Qd7 28.
Rf2 c5 29. Ref1 Kg8 30. Nxe5 Rxe5 31. Rf6 Qe7 32. Qe3 Kg7 33. Qf4 Bc8 34. h4
Bf5 35. g5 hxg5 36. hxg5 Bxe4 37. Bxe4 Rxe4 38. Qxd6 Rg4+ 39. Kf2 Qe4 40. Re1
Qg2+ 41. Ke3 Rg3+ 42. Kf4 Qf3+ 43. Ke5 Rxg5+ 0-1

[Event "282nd YMCA Winter A"]
[Site "Warsaw"]
[Date "2024.01.26"]
[Round "3"]
[White "Choroszej, Aleksander"]
[Black "Huseynzade, Jeyhun"]
[Result "1/2-1/2"]
[WhiteElo "1899"]
[BlackElo "1991"]
[PlyCount "139"]
[EventDate "2024.01.12"]
[EventType "tourn"]
[EventRounds "1"]
[EventCountry "POL"]
[SourceDate "2024.01.19"]

1. d4 Nf6 2. c4 e5 3. dxe5 Ng4 4. Bf4 Bb4+ 5. Nc3 Nc6 6. Nf3 Qe7 7. Qd5 d6 8.
exd6 cxd6 9. e3 Be6 10. Qd2 Nge5 11. a3 Nxf3+ 12. gxf3 Bxc3 13. Qxc3 f6 14. Bg2
Rc8 15. b3 Ne5 16. Qd2 Bh3 17. O-O Bxg2 18. Kxg2 O-O 19. Qd4 f5 20. Rad1 Rfd8
21. Rg1 a6 22. Kh1 Qe8 23. Rg3 b5 24. Bg5 Rd7 25. cxb5 axb5 26. Qd5+ Qf7 27.
Qxb5 Ng6 28. Qd5 Rc2 29. Rg2 h6 30. Qd3 Rb2 31. Bf4 Nxf4 32. exf4 Qxb3 33.
Qxb3+ Rxb3 34. Rg6 Rxa3 35. Rgxd6 Rxd6 36. Rxd6 Rxf3 37. Kg2 Rxf4 38. h3 Re4
39. Ra6 Kf7 40. Rb6 Re6 41. Rb7+ Kf6 42. Kg3 g5 43. Rb5 Kg6 44. Ra5 Re2 45. Rb5
Rd2 46. Rb6+ Kh5 47. Rc6 Rd3+ 48. Kg2 f4 49. Rf6 Rd7 50. Ra6 Rh7 51. Rb6 Kh4
52. Ra6 h5 53. Ra3 Re7 54. Rb3 Re2 55. Rb8 Rc2 56. Rb3 Rc1 57. Ra3 Rc2 58. Rb3
Rc7 59. Ra3 Rf7 60. Rb3 f3+ 61. Kh2 g4 62. hxg4 hxg4 63. Rb8 Rh7 64. Rg8 Rf7
65. Rh8+ Kg5 66. Kg3 Rg7 67. Ra8 Kh5 68. Rh8+ Kg5 69. Ra8 Kh5 70. Rh8+ 1/2-1/2

[Event "282nd YMCA Winter A"]
[Site "Warsaw"]
[Date "2024.01.31"]
[Round "3"]
[White "Szukalski, Antoni"]
[Black "Mazurek, Jerzy"]
[Result "0-1"]
[WhiteElo "1655"]
[BlackElo "1712"]
[PlyCount "72"]
[EventDate "2024.01.12"]
[EventType "tourn"]
[EventRounds "1"]
[EventCountry "POL"]
[SourceDate "2024.01.19"]

1. d4 Nf6 2. c4 e6 3. Nc3 d5 4. e3 Be7 5. Nf3 O-O 6. Bd3 dxc4 7. Bxc4 c5 8. O-O
a6 9. dxc5 Bxc5 10. a4 Qc7 11. b3 b6 12. Ba3 Bxa3 13. Rxa3 Bb7 14. Ra2 Nbd7 15.
h3 Rfc8 16. Rd2 Bxf3 17. gxf3 Ne5 18. Rd4 Rd8 19. Ne4 Nxe4 20. fxe4 Rxd4 21.
exd4 Nxc4 22. Qc2 Rc8 23. Rc1 Qd8 24. bxc4 Qxd4 25. Rd1 Qc5 26. Qd3 g6 27. Qd7
Qxc4 28. Qb7 b5 29. axb5 axb5 30. Rd7 Qc1+ 31. Kg2 Qg5+ 32. Kh2 Qf4+ 33. Kg2
Rc2 34. Qb6 Qxe4+ 35. Kh2 Rc1 36. Qxb5 Rh1+ 0-1

[Event "282nd YMCA Winter A"]
[Site "Warsaw"]
[Date "2024.01.26"]
[Round "3"]
[White "Lewandrowski, Tomasz"]
[Black "Kowalski, Witold"]
[Result "1-0"]
[WhiteElo "1822"]
[BlackElo "1667"]
[PlyCount "103"]
[EventDate "2024.01.12"]
[EventType "tourn"]
[EventRounds "1"]
[EventCountry "POL"]
[SourceDate "2024.01.19"]

1. d4 Nf6 2. Nc3 d5 3. Bf4 c5 4. e4 cxd4 5. Nb5 Na6 6. e5 Ne4 7. Nxd4 e6 8. c3
Bd7 9. Ngf3 Qb6 10. Qb3 Nac5 11. Qxb6 axb6 12. Be3 Be7 13. Bb5 O-O 14. Bxd7
Nxd7 15. Ke2 Rfc8 16. Rhc1 Ra5 17. a3 h6 18. b4 Raa8 19. Nb5 Rc4 20. Bd4 Rac8
21. g3 f6 22. exf6 gxf6 23. Nd2 Nxd2 24. Kxd2 Kf7 25. f4 h5 26. Re1 Rg8 27. Re3
h4 28. Rae1 Rc6 29. Rf3 hxg3 30. hxg3 Rh8 31. Re2 Rh3 32. Bf2 Bf8 33. Rd3 Bh6
34. Kc2 f5 35. Nd4 Rd6 36. Nf3 Rh1 37. Bd4 Ra1 38. Kb2 Rh1 39. Rde3 Ke7 40. Re1
Rh5 41. R3e2 Rc6 42. Bf2 Bg7 43. Bd4 Bxd4 44. Nxd4 Rd6 45. Nxe6 Kf6 46. Nd4 Rh3
47. Re3 Nf8 48. Kb3 Rd7 49. Re8 Rf7 50. R1e3 Nd7 51. Rg8 Nf8 52. Re8 1-0

[Event "282nd YMCA Winter A"]
[Site "Warsaw"]
[Date "2024.01.23"]
[Round "3"]
[White "Sternik, Piotr"]
[Black "Krupa, Bartlomiej"]
[Result "1-0"]
[WhiteElo "1829"]
[BlackElo "1779"]
[PlyCount "83"]
[EventDate "2024.01.12"]
[EventType "tourn"]
[EventRounds "1"]
[EventCountry "POL"]
[SourceDate "2024.01.19"]

1. d4 g6 2. c4 Bg7 3. Nc3 Nf6 4. Nf3 O-O 5. e4 d6 6. Be2 e5 7. Be3 Ng4 8. Bg5
f6 9. Bc1 Nh6 10. O-O Nc6 11. dxe5 dxe5 12. Qxd8 Rxd8 13. Nd5 Rd7 14. Bxh6 Bxh6
15. Nxf6+ Kf7 16. Nxd7 Bxd7 17. b4 Bg4 18. Ng5+ Bxg5 19. Bxg4 Nd4 20. Rad1 Ke7
21. f4 Bf6 22. fxe5 Bxe5 23. Rd2 Rf8 24. Rxf8 Kxf8 25. b5 Bd6 26. Kf1 Bc5 27.
Bc8 b6 28. Bb7 Ke7 29. Bd5 h6 30. Rf2 Ne6 31. Bxe6 Kxe6 32. Rd2 Ke5 33. Re2 Bd6
34. Kf2 Kd4 35. Kf3 Be5 36. Rd2+ Kxc4 37. Rd5 Bd6 38. h4 Be7 39. h5 gxh5 40.
Kf4 h4 41. Kf5 Bg5 42. Rd7 1-0

[Event "282nd YMCA Winter A"]
[Site "Warsaw"]
[Date "2024.01.26"]
[Round "3"]
[White "Koziol, Pawel"]
[Black "Pettersson, Alexander"]
[Result "0-1"]
[WhiteElo "1647"]
[BlackElo "1799"]
[PlyCount "56"]
[EventDate "2024.01.12"]
[EventType "tourn"]
[EventRounds "1"]
[EventCountry "POL"]
[SourceDate "2024.01.19"]

1. c4 e6 2. Nf3 Nf6 3. b3 d5 4. Bb2 Be7 5. g3 O-O 6. Bg2 c6 7. O-O b6 8. d4 Bb7
9. Nc3 Nbd7 10. Qc2 Rc8 11. e4 Qc7 12. Rfe1 Rfd8 13. Rad1 Bb4 14. e5 Ne8 15.
Ng5 Nf8 16. f4 Ba8 17. f5 h6 18. Nf3 exf5 19. Qxf5 dxc4 20. Re4 cxb3 21. axb3
Qd7 22. Qh5 Rc7 23. Bh3 Qe7 24. g4 Bxc3 25. Bxc3 Nf6 26. exf6 Qxe4 27. fxg7
Qe3+ 28. Kg2 Ng6 0-1

[Event "282nd YMCA Winter A"]
[Site "Warsaw"]
[Date "2024.01.26"]
[Round "3"]
[White "Sypula, Krzysztof"]
[Black "Pietrzak, Wojciech"]
[Result "1-0"]
[WhiteElo "1662"]
[BlackElo "1754"]
[PlyCount "81"]
[EventDate "2024.01.12"]
[EventType "tourn"]
[EventRounds "1"]
[EventCountry "POL"]
[SourceDate "2024.01.19"]

1. Nf3 d5 2. g3 c5 3. Bg2 Nc6 4. d3 Nf6 5. O-O e6 6. c3 Be7 7. Nbd2 O-O 8. Qc2
Bd7 9. e4 dxe4 10. dxe4 e5 11. Nc4 Qc7 12. Rd1 Rad8 13. a4 Be6 14. Rxd8 Rxd8
15. Ne3 Qb6 16. a5 Qc7 17. a6 b6 18. Bf1 Na5 19. Nd2 c4 20. Qa4 Bd7 21. Qa2 Bb5
22. Ndxc4 Nxc4 23. Bxc4 Bxc4 24. Nxc4 Rd1+ 25. Kg2 Nxe4 26. Qa4 Rd8 27. Be3 Nc5
28. Qb5 f5 29. Bxc5 bxc5 30. Qb7 Qd7 31. Nxe5 Qd6 32. Qb3+ Qd5+ 33. Qxd5+ Rxd5
34. Nc6 Rd7 35. Re1 Bf6 36. Re8+ Kf7 37. Ra8 Ke6 38. Nxa7 Rd2 39. Nb5 Rxb2 40.
a7 Kd7 41. Rb8 1-0

[Event "282nd YMCA Winter A"]
[Site "Warsaw"]
[Date "2024.02.02"]
[Round "4"]
[White "Huseynzade, Jeyhun"]
[Black "Pietrzak, Wojciech"]
[Result "1-0"]
[WhiteElo "1991"]
[BlackElo "1754"]
[PlyCount "49"]
[EventDate "2024.01.12"]
[EventType "tourn"]
[EventRounds "1"]
[EventCountry "POL"]
[SourceDate "2024.01.19"]

1. e4 Nc6 2. Nc3 e5 3. Nf3 f5 4. d4 exd4 5. Nxd4 Nf6 6. Nxf5 d5 7. Bb5 Nxe4 8.
Nd4 Nxc3 9. bxc3 Qe7+ 10. Be3 Bd7 11. O-O Nxd4 12. Bxd4 O-O-O 13. Re1 Qf7 14.
Qd3 c6 15. Ba6 c5 16. Rab1 Bc6 17. Qh3+ Qd7 18. Re6 Kb8 19. Be5+ Ka8 20. Rxc6
Qxc6 21. Bxb7+ Qxb7 22. Rxb7 Kxb7 23. Qe6 c4 24. Qf7+ Ka6 25. Bd4 1-0

[Event "282nd YMCA Winter A"]
[Site "Warsaw"]
[Date "2024.02.02"]
[Round "4"]
[White "Pettersson, Alexander"]
[Black "Sypula, Krzysztof"]
[Result "1-0"]
[WhiteElo "1799"]
[BlackElo "1662"]
[PlyCount "91"]
[EventDate "2024.01.12"]
[EventType "tourn"]
[EventRounds "1"]
[EventCountry "POL"]
[SourceDate "2024.01.19"]

1. d4 Nf6 2. c4 e6 3. Nf3 Bb4+ 4. Nbd2 b6 5. a3 Be7 6. e3 Bb7 7. Bd3 c5 8. O-O
Nc6 9. b3 cxd4 10. exd4 d5 11. Bb2 O-O 12. Rc1 dxc4 13. bxc4 Rc8 14. Bb1 Na5
15. Ne5 Bd6 16. Re1 Qe7 17. Re3 Rfd8 18. Qc2 g6 19. Qd1 Qf8 20. Qe2 Rc7 21. Ba2
Rdc8 22. Rh3 Nc6 23. Re1 Bxe5 24. dxe5 Nd7 25. Ne4 Ba6 26. Rd1 Ncb8 27. Nd6 Rd8
28. Rd4 Qg7 29. Rdh4 Nf8 30. Rf4 h6 31. Bb1 Nc6 32. Rhf3 Rdd7 33. Bd3 Re7 34.
Ne4 g5 35. Nf6+ Kh8 36. Rg4 Ng6 37. Nh5 Qg8 38. Rf6 Nd8 39. Rf3 Bb7 40. Be4 Ba6
41. Bd3 Nc6 42. Nf6 Qg7 43. Rxg5 Na5 44. Rg4 Nc6 45. Rfg3 Nd8 46. Bxg6 1-0

[Event "282nd YMCA Winter A"]
[Site "Warsaw"]
[Date "2024.02.02"]
[Round "4"]
[White "Krupa, Bartlomiej"]
[Black "Koziol, Pawel"]
[Result "1-0"]
[WhiteElo "1779"]
[BlackElo "1647"]
[PlyCount "71"]
[EventDate "2024.01.12"]
[EventType "tourn"]
[EventRounds "1"]
[EventCountry "POL"]
[SourceDate "2024.01.19"]

1. e4 g6 2. d4 Bg7 3. Nf3 d6 4. h3 Nf6 5. Nc3 O-O 6. Be3 c6 7. a4 a5 8. Be2 Qc7
9. O-O e5 10. Qd2 Nbd7 11. Rfd1 Re8 12. dxe5 dxe5 13. Bc4 Nf8 14. Bc5 Be6 15.
Bxe6 Rxe6 16. Ng5 Ree8 17. Qe2 N8d7 18. Bd6 Qd8 19. Qc4 Rf8 20. Bxf8 Qxf8 21.
Rd3 h6 22. Nf3 Nc5 23. Rd2 Nh5 24. Ne2 Qe7 25. Rad1 Bf8 26. Rd6 Qxd6 27. Rxd6
Bxd6 28. Nxe5 Bxe5 29. Qxc5 Bxb2 30. Qb6 Be5 31. g3 Rb8 32. Kg2 Ng7 33. f4 Bd6
34. e5 Bb4 35. c3 Bf8 36. Qc7 1-0

[Event "282nd YMCA Winter A"]
[Site "Warsaw"]
[Date "2024.01.30"]
[Round "4"]
[White "Kowalski, Witold"]
[Black "Sternik, Piotr"]
[Result "1/2-1/2"]
[WhiteElo "1667"]
[BlackElo "1829"]
[PlyCount "47"]
[EventDate "2024.01.12"]
[EventType "tourn"]
[EventRounds "1"]
[EventCountry "POL"]
[SourceDate "2024.01.19"]

1. e4 c6 2. d4 d5 3. Nc3 dxe4 4. Nxe4 Bf5 5. Ng3 Bg6 6. h4 h6 7. Nf3 Nd7 8. h5
Bh7 9. Bd3 Bxd3 10. Qxd3 Ngf6 11. Bd2 e6 12. O-O-O Bd6 13. Ne4 Nxe4 14. Qxe4
Nf6 15. Qe2 Qc7 16. Ne5 O-O-O 17. Rhe1 c5 18. dxc5 Bxe5 19. Qxe5 Qxe5 20. Rxe5
Ng4 21. Re2 Nf6 22. Re5 Ng4 23. Re2 Nf6 24. Re5 1/2-1/2

[Event "282nd YMCA Winter A"]
[Site "Warsaw"]
[Date "2024.02.02"]
[Round "4"]
[White "Mazurek, Jerzy"]
[Black "Lewandrowski, Tomasz"]
[Result "1/2-1/2"]
[WhiteElo "1712"]
[BlackElo "1822"]
[PlyCount "91"]
[EventDate "2024.01.12"]
[EventType "tourn"]
[EventRounds "1"]
[EventCountry "POL"]
[SourceDate "2024.01.19"]

1. e4 c5 2. Nf3 e6 3. d4 cxd4 4. Nxd4 a6 5. g3 Qc7 6. Bg2 Nc6 7. Nc3 Bb4 8. O-O
Nge7 9. Be3 Bxc3 10. bxc3 Ne5 11. f4 Qxc3 12. Bf2 N5c6 13. Nxc6 Nxc6 14. Qd6 f6
15. e5 f5 16. Bc5 Kf7 17. g4 Re8 18. gxf5 exf5 19. Bd5+ Re6 20. Bxe6+ dxe6 21.
Qf8+ Kg6 22. Rab1 Nd4 23. Bxd4 Qxd4+ 24. Rf2 b5 25. Qe8+ Kh6 26. Qe7 g6 27.
Qg5+ Kg7 28. Qe7+ Kg8 29. Qe8+ Kg7 30. Qe7+ Kg8 31. c3 Qe4 32. Qe8+ Kg7 33.
Qe7+ Kg8 34. Qd8+ Kg7 35. Rd1 Kh6 36. Rd3 Bb7 37. Qg5+ Kg7 38. Qf6+ Kg8 39.
Qxe6+ Kf8 40. Qf6+ Kg8 41. Rd8+ Rxd8 42. Qxd8+ Kg7 43. Qe7+ Kg8 44. Qe8+ Kg7
45. Qe7+ Kg8 46. Qe8+ $11 1/2-1/2

[Event "282nd YMCA Winter A"]
[Site "Warsaw"]
[Date "2024.02.09"]
[Round "5"]
[White "Lewandrowski, Tomasz"]
[Black "Choroszej, Aleksander"]
[Result "1/2-1/2"]
[WhiteElo "1822"]
[BlackElo "1899"]
[PlyCount "92"]
[EventDate "2024.01.12"]
[EventType "tourn"]
[EventRounds "1"]
[EventCountry "POL"]
[SourceDate "2024.01.19"]

1. b3 e5 2. Bb2 Nc6 3. c4 g6 4. h4 h5 5. e3 Bg7 6. Be2 Nge7 7. Nf3 O-O 8. Nc3
d6 9. d3 Re8 10. Qd2 a5 11. Nd5 Nxd5 12. cxd5 Ne7 13. e4 c6 14. dxc6 Nxc6 15.
O-O d5 16. Rfd1 d4 17. Rdb1 Bf8 18. a3 Be6 19. Bc1 f6 20. Nh2 Qd7 21. Qd1 b5
22. f4 exf4 23. Bxf4 Ne5 24. Bd2 b4 25. axb4 axb4 26. Qe1 Qb5 27. Qf2 Be7 28.
Kh1 Qb6 29. Qg3 Kh7 30. Bf4 Qb5 31. Qf2 Qb6 32. Rxa8 Rxa8 33. Bxe5 fxe5 34. g4
Rf8 35. Qg3 hxg4 36. Bxg4 Bg8 37. Nf3 Rf4 38. Rg1 Qf6 39. Bf5 gxf5 40. Qxg8+
Kh6 41. exf5 Rxf5 42. Ng5 Qg7 43. Qe6+ Qf6 44. Qg8 Qg7 45. Qc8 Qf6 46. Qg8 Qg7
$11 1/2-1/2